MARC

LEADER 00000nam0a2200000 4500
001 45723
005 20231101210954.0
010 |a 5824200858 
035 |a (RuTPU)RU\TPU\book\47628 
090 |a 45723 
100 |a 20021216d2001 m y0rusy50 ca 
101 0 |a rus 
102 |a RU 
105 |a y z 010ad 
200 1 |a Набоков и его "Лолита"   |a Чайковский  |a Железная женщина  |a Рассказы в изгнании  |f Н. Н. Берберова 
210 |a Москва  |c Изд-во им. Сабашниковых  |d 2001 
215 |a 672 с. 
300 |a К 100-летию со дня рождения Нины Берберовой 
470 |t Лолита  |f В. Д. Набоков  |a Набоков, Владимир Дмитриевич 
600 1 |a Берберова  |b Н. Н.  |c писательница русского зарубежья  |f 1901-1993  |g Нина Николаевна  |2 stltpush  |3 (RuTPU)RU\TPU\pers\7721  |9 1513 
600 1 |a Набоков  |g Владимир Владимирович  |f 1899-1977  |c российский и американский писатель, переводчик, литератеровед  |b В. В.  |2 stltpui  |3 (RuTPU)RU\TPU\pers\1120 
600 1 |a Чайковский  |g Петр Ильич  |b П. И.  |c руский композитор  |f 1840-1893  |2 stltpui  |3 (RuTPU)RU\TPU\pers\1137 
610 1 |a русская литература 
610 1 |a проза 
610 1 |a русское зарубежье 
675 |a Р1  |v 3 
700 1 |a Берберова  |b Н. Н.  |g Нина Николаевна 
801 1 |a RU  |b 63413507  |c 20021216  |g PSBO 
801 2 |a RU  |b 63413507  |c 20040716  |g PSBO 
942 |c BK